000 00553nam a2200217Ia 4500
003 OSt
005 20220928141754.0
006 a|||||r|||| 00| 0
007 ta
008 220927b |||||||| |||| 00| 0 eng d
024 _a17572
037 _cTextual
040 _aSDCL
_cSDCL
_beng
041 _2eng
_aeng
082 _aO15:gx, N4
100 _aJoshi Natvaralal
_9502148
245 0 _aPoetry,creativity and aesthetic experience.
260 _c1994
942 _hO15:gx, N4
_cTEXL
_2CC
999 _c819893
_d819893